Lannion — Choix Multiples - Statistiques

Statistiques générales
  • Ce quiz a été pris 59 fois
  • Le résultat moyen est 7 sur 10
Statistiques - réponses
Question Réponse % Correct
Quel est le nom breton de Lannion ? Lannuon
89%
Quel est le nom du fleuve qui traverse Lannion ? Léguer
85%
Ancien quai au bord de ce fleuve, aujourd'hui un parking et aire de jeu. Quai de l'Aiguillon
85%
Quel est le jour du marché à Lannion dans les rues piétonnes ? Jeudi
80%
Lequel de ces personnalités n'a pas de collège ou de lycée à son nom ? Anne de Bretagne
75%
Qu'est ce que l'on ne trouve pas sur la place du Général Leclerc (Place du centre compris) ? Une grande église protestante
67%
Combien de marche faut-il gravir pour atteindre l'église de la Trinité à Brélevenez ? 142
65%
Nom donner à la grande technopole situé autour de l'Aéroport de Lannion portant le nom d'une créature imaginaire Zone Pégase
60%
En 2013 dans le grenier d'une maison. On y a retrouvé 31 guerzioù provenant d'une enseignante au début du XXe siècle. Mais qu'est-ce qu'un Gwerz (Gwerzioù au pluriel) ? Un chant raccontant une histoire
55%
Quel sport représente le CTH Lannion ? Basket Fauteuil
53%
Aucun quiz correspondant
Distribution des résultats
% des personnes avec chaque résultat
Percentile par nombre de réponses
Votre historique - résultats
Vous n’avez pas pris ce quiz